01598 a2200277 450000500170000000800410001704000680005804100080012604100080013424500590014224600250020126000710022630000390029750002350033650801580057151101450072954600980087465000330097265000290100565000400103470000320107471000240110671000170113071000220114785601510116920140908093959.0131120s2002 xxu g 0 m mul d aCO-BoUCMbspacJose A. Gerena (modificó)dAldemar Mondragón aeng aspa10aCatch me if you cancSteven Spielberg, directorh[DVD]11aAtrápame si puedes a[Glendale] (California, Estados Unidos)bDreamworks Picturesc2002 a2 DVD, 141 minutosbsonido, imagen aSINOPSIS: Un agente del FBI persigue a un estafador joven que personificó con éxito un piloto de línea aérea, médico y asistente del fiscal general, cobrando más de $ 2.5 millones en cheques fraudulentos en 26 países aCRÉDITOS: Producida y dirigida por Steven Spielberg, guión por Jeff Nathason y Frank Abagnale, música por John Williams, vestuario por Mary Zophres0 aREPARTO: Leonardo DiCaprio, Tom Hanks, Christopher Walken, Martin Sheen, Nathalie Baye, Amy Adams, James Brolin, Brian Howe, Jennifer Garner aAudio en inglés, portugués y español. Subtítulos en inglés, portugués y español 4aPelículas de acciónvDVD 7aDelitos financierosvDVD 7aPelículas cinematográficasvDVD1 aSpielberg, Stevenedirector2 aDreamworks Pictures2 aKemp Company2 aSplendid Pictures40uhttps://www.youtube.com/watch?v=SosRcIMCr5gzSiga este enlace para ver el trailerzTrailer tomado del canal TrailersPlaygroundHD vía YouTube.com